Kontejnerová železniční doprava mezi Evropou a Asií: Vytvoření podmínek pro širší organizované využití kontejnerové železniční dopravy mezi Evropou a Asií sborník anotací a abstraktů z workshopu s přednáškami, 21. listopad 2013, Výzkumný Ústav Železniční, a.s., (Praha, Česko)

Gespeichert in:
Bibliographische Detailangaben
Körperschaften: Kontejnerová železniční doprava mezi Evropou a Asií 2013. Workshop s přednáškami, České vysoké učení technické v Praze. Fakulta dopravní, Správa železniční dopravní cesty
Weitere Verfasser: Vitteková, Martina, Vašátko, Jaroslav, Řezníčková, Jitka, Král, Martin
Format: Buch
Sprache:Tschechisch
Englisch
Veröffentlicht: Brno Vysoké učení technické v Brně 2014
Ausgabe:1. vydání
Schlagworte:
Tags: Tag hinzufügen
Keine Tags, Fügen Sie das erste Tag hinzu!

MARC

LEADER 00000nam a2200000 4500
001 0251460
005 20240315114521.7
020 |a 978-80-214-4964-0 
041 0 |a cze 
041 0 |a eng 
044 |a CZ 
245 1 0 |a Kontejnerová železniční doprava mezi Evropou a Asií: Vytvoření podmínek pro širší organizované využití kontejnerové železniční dopravy mezi Evropou a Asií  |b sborník anotací a abstraktů z workshopu s přednáškami, 21. listopad 2013, Výzkumný Ústav Železniční, a.s., (Praha, Česko)  |c editori: Martina Vitteková, Jaroslav Vašátko, Jitka Řezníčková, Martin Král 
250 |a 1. vydání 
264 1 |a Brno  |b Vysoké učení technické v Brně  |c 2014 
300 |a 16 s.  |e 1 CD-ROM (prednášky) 
610 2 0 |a doprava železničná 
610 2 0 |a doprava kontajnerová 
610 2 0 |a doprava medzinárodná 
610 2 0 |a prekladiská 
610 2 0 |a prevádzka dopravy 
610 2 0 |a železnice 
610 2 0 |a tovar 
610 2 0 |a vývoz 
610 2 0 |a ceny 
610 2 0 |a náklady 
610 2 0 |a technológie informačné 
610 2 0 |a testy 
610 2 0 |a Európa 
610 2 0 |a Ázia 
610 2 0 |a Slovensko 
610 2 0 |a Ukrajina 
700 1 |a Vitteková, Martina 
700 1 |a Vašátko, Jaroslav 
700 1 |a Řezníčková, Jitka 
700 1 |a Král, Martin 
110 2 |a Kontejnerová železniční doprava mezi Evropou a Asií 2013. Workshop s přednáškami 
710 2 |a České vysoké učení technické v Praze. Fakulta dopravní. 
710 2 |a Správa železniční dopravní cesty